[Event "Bad Woerishofen op"]
[Site "?"]
[Date "2009.03.05"]
[Round "?"]
[White "Epishin, Vladimir"]
[Black "Ellinger, Peter"]
[Result "1-0"]
[WhiteElo "2585"]
[BlackElo "2045"]
[PlyCount "45"]
[EventDate "2009.03.05"]

1. d4 Nf6 2. Nf3 e6 3. c4 b6 4. Nc3 Bb4 5. Bg5 Bb7 6. Nd2 Bxc3 7. bxc3 d5 8.
cxd5 exd5 9. e3 h6 10. Bh4 Nbd7 11. Bb5 c6 12. Bd3 Qe7 13. O-O g5 14. Bg3 Ne4
15. Bxe4 dxe4 16. Nc4 Nf8 17. Nd6+ Kd8 18. f3 exf3 19. Rxf3 Rh7 20. Qb3 Ne6 21.
Raf1 Ba6 22. c4 Nf4 23. Qc2 1-0

[Event "Bad Woerishofen op"]
[Site "?"]
[Date "2009.03.05"]
[Round "?"]
[White "Schmitt, Karl"]
[Black "Dittmar, Peter"]
[Result "0-1"]
[WhiteElo "1990"]
[BlackElo "2380"]
[PlyCount "94"]
[EventDate "2009.03.05"]

1. d4 Nf6 2. Nf3 e6 3. e3 c5 4. Bd3 b6 5. O-O Bb7 6. b3 cxd4 7. exd4 Nc6 8. Bb2
Nb4 9. Be2 Nbd5 10. Re1 Be7 11. a3 O-O 12. c4 Nf4 13. Bf1 d5 14. g3 Ng6 15. Bg2
dxc4 16. bxc4 Rc8 17. Nbd2 Qc7 18. Rc1 Rfd8 19. Qb3 Qb8 20. Re2 Qa8 21. Ne1
Bxg2 22. Nxg2 b5 23. cxb5 Rxc1+ 24. Bxc1 Rxd4 25. Bb2 Rd8 26. Ne3 Bc5 27. Bxf6
gxf6 28. Ndc4 Kg7 29. a4 Rc8 30. Rc2 Bxe3 31. Nxe3 Rxc2 32. Nxc2 Ne5 33. Ne1
Qe4 34. Qd1 f5 35. f3 Qb4 36. Qa1 f6 37. Qd1 f4 38. g4 Qc3 39. h4 h5 40. gxh5
Kh6 41. Qe2 Kxh5 42. Kf2 Qd4+ 43. Kf1 Qxa4 44. Nd3 Qc4 45. Nb2 Qc1+ 46. Kg2 Qb1
47. Qf2 Ng6 0-1

[Event "Bad Woerishofen op"]
[Site "?"]
[Date "2009.03.05"]
[Round "?"]
[White "Gutman, Lev"]
[Black "Wilhelm, Andreas"]
[Result "1-0"]
[WhiteElo "2490"]
[BlackElo "2020"]
[PlyCount "101"]
[EventDate "2009.03.05"]

1. Nf3 Nf6 2. g3 d5 3. Bg2 g6 4. O-O Bg7 5. d4 O-O 6. c4 c6 7. cxd5 cxd5 8. Nc3
Nc6 9. Ne5 e6 10. Bg5 h6 11. Nxc6 bxc6 12. Bf4 Nh5 13. Be3 Rb8 14. Qd2 Kh7 15.
Rac1 Qa5 16. b3 Ba6 17. Rfd1 Bb5 18. g4 Nf6 19. Nxd5 Qd8 20. Nxf6+ Qxf6 21. g5
hxg5 22. Bxg5 Qf5 23. Rc5 e5 24. dxe5 Bxe2 25. Re1 Bf3 26. Qf4 Qxf4 27. Bxf4
Bxg2 28. Kxg2 Rb6 29. Ra5 a6 30. Re4 Bh6 31. Bg3 Bd2 32. Raa4 c5 33. Rac4 Rc8
34. Rc2 Rb4 35. Re2 Bf4 36. e6 Bxg3 37. hxg3 fxe6 38. Rxe6 c4 39. f4 a5 40.
Re7+ Kg8 41. Ra7 Rc5 42. Rd2 Rc8 43. bxc4 a4 44. Rd6 Rbxc4 45. Rxg6+ Kf8 46.
Kh3 Re8 47. Rga6 Ree4 48. Rb7 Re8 49. Kg4 Kg8 50. Raa7 Rec8 51. Kg5 1-0

[Event "Bad Woerishofen op"]
[Site "?"]
[Date "2009.03.05"]
[Round "?"]
[White "Klaus, Daniel"]
[Black "Farago, Ivan"]
[Result "0-1"]
[WhiteElo "2015"]
[BlackElo "2480"]
[PlyCount "80"]
[EventDate "2009.03.05"]

1. e4 c5 2. Nf3 e6 3. d4 cxd4 4. Nxd4 a6 5. Nc3 Qc7 6. Be3 Bb4 7. Nde2 Nf6 8.
a3 Be7 9. f4 d6 10. Nd4 b5 11. Bd3 Bb7 12. Qf3 Nbd7 13. O-O Nc5 14. Rad1 O-O
15. Rfe1 Rad8 16. Bf2 d5 17. exd5 Nxd5 18. Nxd5 Rxd5 19. Qg4 Nxd3 20. Rxd3 Bf6
21. c3 g6 22. Rh3 Bg7 23. Nf3 Bc8 24. Ne5 f6 25. Qh4 fxe5 26. Qxh7+ Kf7 27. Rg3
exf4 28. Rxg6 Rg8 29. Bh4 Rf5 30. Bf6 Rxf6 31. Rxf6+ Kxf6 32. Qxg8 Qb6+ 33. Kf1
Bb7 34. Qh7 Qd6 35. Qh4+ Kf7 36. Qh5+ Kf8 37. Rd1 Bd5 38. Qg4 Qe5 39. Kg1 Qe3+
40. Kf1 Bc4+ 0-1

[Event "Bad Woerishofen op"]
[Site "?"]
[Date "2009.03.05"]
[Round "?"]
[White "Hug, Marcel"]
[Black "Buchaeckert, Juergen"]
[Result "1-0"]
[WhiteElo "2255"]
[BlackElo "1945"]
[PlyCount "59"]
[EventDate "2009.03.05"]

1. e4 d5 2. exd5 Qxd5 3. Nf3 Bg4 4. Be2 Nc6 5. d4 O-O-O 6. O-O Nf6 7. Be3 Qh5
8. h3 e5 9. c3 e4 10. hxg4 Nxg4 11. Nh4 f5 12. g3 Be7 13. Bxg4 fxg4 14. Ng2 Ne5
15. Nf4 Qf7 16. Nd2 Nf3+ 17. Nxf3 gxf3 18. Qb3 Rdf8 19. Qxf7 Rxf7 20. c4 h5 21.
Ng6 Rg8 22. Nxe7+ Rxe7 23. Kh2 g5 24. Kh3 g4+ 25. Kh4 c6 26. d5 cxd5 27. cxd5
Kb8 28. d6 Rd7 29. Rfd1 Rc8 30. Rac1 1-0

[Event "Bad Woerishofen op"]
[Site "?"]
[Date "2009.03.05"]
[Round "?"]
[White "Joachim, Klaus"]
[Black "Barbar, Michael"]
[Result "0-1"]
[WhiteElo "1860"]
[BlackElo "2170"]
[PlyCount "44"]
[EventDate "2009.03.05"]

1. e4 c5 2. Nf3 d6 3. d4 cxd4 4. Nxd4 Nf6 5. Nc3 g6 6. Be3 Bg7 7. Be2 O-O 8.
Qd2 Nc6 9. O-O-O Nxd4 10. Bxd4 Qa5 11. h4 Be6 12. a3 b5 13. f3 b4 14. Nd5 Bxd5
15. exd5 Rab8 16. Bc4 Qc7 17. Ba2 bxa3 18. bxa3 Rfc8 19. c4 Qb7 20. Ba1 Rxc4+
21. Bc3 Bh6 22. Qxh6 Qb2# 0-1

[Event "Bad Woerishofen op"]
[Site "?"]
[Date "2009.03.05"]
[Round "?"]
[White "Maassen, Hermann"]
[Black "Schaefer, Michael"]
[Result "0-1"]
[WhiteElo "1870"]
[BlackElo "2180"]
[PlyCount "38"]
[EventDate "2009.03.05"]

1. e4 c5 2. Nf3 Nc6 3. d4 cxd4 4. Nxd4 Nf6 5. Nc3 d6 6. Be2 e5 7. Nb3 Be7 8.
O-O O-O 9. Be3 a5 10. a4 Nb4 11. f4 Bd7 12. Bf3 Bc6 13. Nd5 Bxd5 14. exd5 e4
15. Be2 Nfxd5 16. Bd4 Bf6 17. c3 Nc6 18. Bc4 Bxd4+ 19. Nxd4 Ne3 0-1

[Event "Bad Woerishofen op"]
[Site "?"]
[Date "2009.03.05"]
[Round "?"]
[White "Nieland, Klaus"]
[Black "Pluemer, Detlef"]
[Result "0-1"]
[WhiteElo "1850"]
[BlackElo "2165"]
[PlyCount "54"]
[EventDate "2009.03.05"]

1. c4 b6 2. d4 Bb7 3. Nc3 e6 4. e4 Bb4 5. f3 Nh6 6. a3 Bxc3+ 7. bxc3 O-O 8. Be3
f5 9. e5 d6 10. Bxh6 Qh4+ 11. g3 Qxh6 12. Qe2 dxe5 13. Qxe5 Nc6 14. Qe2 e5 15.
d5 Na5 16. Kf2 Qd6 17. Nh3 Ba6 18. Qe3 Bxc4 19. Bxc4 Nxc4 20. Qc1 Qc5+ 21. Ke2
Qxd5 22. Rd1 Qc6 23. Qc2 Qh6 24. Qb3 Qxh3 25. Qxc4+ Kh8 26. Ke3 e4 27. Ra2 f4+
0-1

[Event "Bad Woerishofen op"]
[Site "?"]
[Date "2009.03.05"]
[Round "?"]
[White "Reitz, Rolf"]
[Black "Frijling, Jereon"]
[Result "1-0"]
[WhiteElo "2160"]
[BlackElo "1820"]
[PlyCount "47"]
[EventDate "2009.03.05"]

1. d4 Nf6 2. Nf3 d5 3. c4 c6 4. Nc3 dxc4 5. a4 Bf5 6. e3 e6 7. Bxc4 Bb4 8. Bd2
Nbd7 9. O-O O-O 10. Qe2 Bg6 11. Rfd1 Qa5 12. h3 e5 13. d5 cxd5 14. Nxd5 Bxd2
15. Ne7+ Kh8 16. Nxg6+ hxg6 17. Qxd2 Qxd2 18. Rxd2 Nb6 19. Bb3 Ne4 20. Rc2 f6
21. Rc7 Rfd8 22. a5 Nd7 23. Ra4 Nec5 24. Rh4# 1-0

[Event "Bad Woerishofen op"]
[Site "?"]
[Date "2009.03.05"]
[Round "?"]
[White "Glas, Stefan"]
[Black "Schulze, Ulrich"]
[Result "0-1"]
[WhiteElo "1980"]
[BlackElo "2315"]
[PlyCount "80"]
[EventDate "2009.03.05"]

1. e4 Nf6 2. Nc3 d5 3. exd5 Nxd5 4. d4 c6 5. Nf3 Bf5 6. Bd3 Bxd3 7. Qxd3 e6 8.
Nxd5 cxd5 9. Qb5+ Qd7 10. Qxd7+ Nxd7 11. Bf4 Be7 12. O-O O-O 13. c3 Rfc8 14.
Ne5 Nxe5 15. Bxe5 b5 16. a3 a5 17. Bg3 h5 18. f4 g6 19. Be1 b4 20. axb4 axb4
21. Rxa8 Rxa8 22. cxb4 Rb8 23. Rf3 Bxb4 24. Rb3 Bd6 25. Rxb8+ Bxb8 26. g3 Kf8
27. Kf1 Ke7 28. Bb4+ Kd7 29. Ke2 Kc6 30. Bc5 Kb5 31. Kd3 Bc7 32. b4 h4 33. Bf8
h3 34. Be7 g5 35. Bxg5 Kxb4 36. Be7+ Kb3 37. Bf8 f5 38. Bc5 Ba5 39. Ba7 Be1 40.
Ke2 Bxg3 0-1

[Event "Bad Woerishofen op"]
[Site "?"]
[Date "2009.03.05"]
[Round "?"]
[White "Trabert, Bettina"]
[Black "Plug, Arjan"]
[Result "1/2-1/2"]
[WhiteElo "2305"]
[BlackElo "1980"]
[PlyCount "73"]
[EventDate "2009.03.05"]

1. e4 e6 2. d4 d5 3. Nd2 h6 4. Ngf3 Nf6 5. Bd3 c5 6. e5 Nfd7 7. c3 Nc6 8. a3 g5
9. h3 Bg7 10. b4 cxd4 11. cxd4 O-O 12. Bb2 f6 13. exf6 Nxf6 14. b5 Ne7 15. g4
Ne4 16. Nxe4 dxe4 17. Bxe4 Qa5+ 18. Qd2 Qxb5 19. Ne5 Bxe5 20. dxe5 Bd7 21. a4
Qb6 22. Bd4 Qc7 23. Rc1 Bc6 24. h4 Qd7 25. Bxc6 Nxc6 26. Be3 Qxd2+ 27. Kxd2
Nxe5 28. hxg5 Nxg4 29. Bc5 Nxf2 30. Bxf8 Nxh1 31. Bb4 Ng3 32. gxh6 Rd8+ 33. Ke1
Rd7 34. Rc8+ Kh7 35. Bd2 Nf5 36. a5 Nxh6 37. Re8 1/2-1/2

[Event "Bad Woerishofen op"]
[Site "?"]
[Date "2009.03.05"]
[Round "?"]
[White "Spanton, Timothy"]
[Black "Racherbaeumer, Marcel"]
[Result "1/2-1/2"]
[WhiteElo "1980"]
[BlackElo "2300"]
[PlyCount "79"]
[EventDate "2009.03.05"]

1. e4 c5 2. Nf3 e6 3. d3 Nc6 4. c3 d5 5. Qe2 Be7 6. g3 Nf6 7. Bg2 c4 8. exd5
cxd3 9. Qxd3 exd5 10. O-O O-O 11. Be3 Bg4 12. Nbd2 Qd7 13. Rfe1 Bf5 14. Qb5 a6
15. Qb3 Rfe8 16. Bb6 Ne4 17. Nxe4 Bxe4 18. Rad1 Bf6 19. Nd4 Bxg2 20. Kxg2 Rxe1
21. Rxe1 Ne5 22. Nf3 Nxf3 23. Kxf3 Qc6 24. Bd4 Bxd4 25. cxd4 b5 26. Qe3 Rc8 27.
Kg2 h6 28. Re2 b4 29. h4 Qc4 30. b3 Qb5 31. Qe7 a5 32. Re5 Rc1 33. Qe8+ Qxe8
34. Rxe8+ Kh7 35. Ra8 Rd1 36. Rxa5 Rxd4 37. Ra4 Rd2 38. Kf3 Kg6 39. Ke3 Rc2 40.
Rxb4 1/2-1/2

[Event "Bad Woerishofen op"]
[Site "?"]
[Date "2009.03.05"]
[Round "?"]
[White "Loew, Gerald"]
[Black "Ranker, Klemens"]
[Result "1/2-1/2"]
[WhiteElo "2295"]
[BlackElo "1975"]
[PlyCount "86"]
[EventDate "2009.03.05"]

1. c4 Nf6 2. g3 c5 3. Bg2 Nc6 4. Nf3 g6 5. O-O Bg7 6. d4 cxd4 7. Nxd4 O-O 8.
Nc3 a6 9. h3 Nxd4 10. Qxd4 d6 11. Qd3 Qc7 12. Bg5 Be6 13. Nd5 Bxd5 14. cxd5
Rac8 15. Rac1 Qa5 16. a3 Qa4 17. Qe3 Qd7 18. Rfd1 Rfe8 19. Kh2 Kf8 20. Bh6 Ng8
21. Bxg7+ Kxg7 22. Qd4+ f6 23. h4 Rxc1 24. Rxc1 Qb5 25. Rc2 Qb3 26. Rc7 Qb5 27.
e4 Nh6 28. Bh3 Nf7 29. Bd7 Qa5 30. Rxb7 Ne5 31. Qc3 Qxc3 32. bxc3 Rd8 33. Be6
Kf8 34. Ra7 Nd3 35. Kg2 Nc5 36. Kf3 Rb8 37. Ke3 Rb3 38. Ra8+ Kg7 39. Re8 Rxc3+
40. Kd4 Rxa3 41. Rxe7+ Kh8 42. Re8+ Kg7 43. Re7+ Kh8 1/2-1/2

[Event "Bad Woerishofen op"]
[Site "?"]
[Date "2009.03.05"]
[Round "?"]
[White "Strasser, Josef"]
[Black "Stabolewski, Andreas"]
[Result "0-1"]
[WhiteElo "1970"]
[BlackElo "2280"]
[PlyCount "66"]
[EventDate "2009.03.05"]

1. e4 c5 2. Nf3 Nc6 3. Bb5 Na5 4. c3 a6 5. Ba4 e6 6. d4 b5 7. Bc2 cxd4 8. cxd4
Bb7 9. O-O Nf6 10. Qe2 Be7 11. Bg5 h6 12. Bxf6 Bxf6 13. Nbd2 Rc8 14. Bd3 Qb6
15. e5 Be7 16. Rac1 O-O 17. Bb1 Bd5 18. Qd3 g6 19. h4 Nc4 20. Nxc4 bxc4 21. Qe3
Kg7 22. Qd2 Rb8 23. Nh2 Qxb2 24. Rc2 Qb4 25. Qf4 f5 26. Nf3 Qa3 27. Rcc1 Rb2
28. Rfe1 Rfb8 29. Re3 Qa4 30. Ree1 Bd8 31. Qe3 Bxf3 32. gxf3 Bxh4 33. Rf1 Qc6
0-1

[Event "Bad Woerishofen op"]
[Site "?"]
[Date "2009.03.05"]
[Round "?"]
[White "Zoll, Detlef"]
[Black "Bogner, Sebastian"]
[Result "0-1"]
[WhiteElo "1995"]
[BlackElo "2465"]
[PlyCount "36"]
[EventDate "2009.03.05"]

1. d4 Nf6 2. Nc3 d5 3. Bg5 Nbd7 4. f3 c5 5. e4 dxe4 6. d5 exf3 7. Nxf3 g6 8.
Bc4 Bg7 9. O-O O-O 10. d6 Nb6 11. Ne5 Nxc4 12. Nxc4 Be6 13. Qe2 Bxc4 14. dxe7
Qd4+ 15. Be3 Rfe8 16. Bxd4 Bxe2 17. Bxf6 Bxf1 18. Bxg7 Kxg7 0-1

[Event "Bad Woerishofen op"]
[Site "?"]
[Date "2009.03.05"]
[Round "?"]
[White "Iotov, Valentin"]
[Black "Oud, Niek"]
[Result "1-0"]
[WhiteElo "2555"]
[BlackElo "2030"]
[PlyCount "57"]
[EventDate "2009.03.05"]

1. d4 d5 2. Nf3 Nf6 3. c4 e6 4. Nc3 Be7 5. Bg5 Nbd7 6. cxd5 exd5 7. e3 c6 8.
Qc2 O-O 9. Bd3 Re8 10. O-O Nf8 11. h3 Be6 12. Ne5 N6d7 13. Bxe7 Qxe7 14. f4
Nxe5 15. dxe5 Qc5 16. Qf2 Rad8 17. Ne2 Qb6 18. Ng3 c5 19. Nh5 c4 20. Bc2 d4 21.
Qg3 Ng6 22. f5 d3 23. Ba4 Bd7 24. Bxd7 Rxd7 25. e6 fxe6 26. fxg6 Qxb2 27. gxh7+
Kh8 28. Nf4 c3 29. Qh4 1-0

[Event "Bad Woerishofen op"]
[Site "?"]
[Date "2009.03.05"]
[Round "?"]
[White "Haugg, Gerhard"]
[Black "Lieb, Harald"]
[Result "0-1"]
[WhiteElo "1945"]
[BlackElo "2245"]
[PlyCount "42"]
[EventDate "2009.03.05"]

1. d4 d5 2. e3 Nf6 3. Nf3 c5 4. c3 Nc6 5. dxc5 a5 6. Bb5 Bg4 7. h3 Bxf3 8. Qxf3
g6 9. b4 Bg7 10. Bb2 O-O 11. Bxc6 bxc6 12. Nd2 Qb8 13. a3 Nd7 14. Rb1 e5 15.
O-O e4 16. Qe2 axb4 17. axb4 Ra2 18. Nb3 Bxc3 19. Nd4 Bxd4 20. exd4 Qxb4 21.
Bc3 Qxb1 0-1

[Event "Bad Woerishofen op"]
[Site "?"]
[Date "2009.03.05"]
[Round "?"]
[White "Karpatchev, Alexandr"]
[Black "Ries, Berthold"]
[Result "1-0"]
[WhiteElo "2500"]
[BlackElo "2030"]
[PlyCount "25"]
[EventDate "2009.03.05"]

1. e4 c5 2. c3 d5 3. exd5 Qxd5 4. Nf3 Nf6 5. Na3 Bg4 6. Be2 e6 7. Qa4+ Nc6 8.
Nc4 O-O-O 9. Ne3 Qh5 10. h3 Ne5 11. Nxg4 Nexg4 12. Nh2 Qd5 13. hxg4 1-0

[Event "Bad Woerishofen op"]
[Site "?"]
[Date "2009.03.05"]
[Round "?"]
[White "De Santis, Alessio"]
[Black "Margraf, Christoph"]
[Result "1-0"]
[WhiteElo "2275"]
[BlackElo "1965"]
[PlyCount "57"]
[EventDate "2009.03.05"]

1. d4 d5 2. c4 e6 3. Nc3 Nf6 4. cxd5 exd5 5. Bg5 c6 6. e3 Be7 7. Qc2 O-O 8. Bd3
Nbd7 9. Nge2 Re8 10. O-O Nf8 11. f3 g6 12. h3 Nh5 13. Bxe7 Qxe7 14. e4 Ne6 15.
exd5 Nef4 16. Nxf4 Nxf4 17. Rae1 Qxe1 18. Rxe1 Rxe1+ 19. Kf2 Rc1 20. Qd2 Nxd3+
21. Qxd3 Bf5 22. Qe3 Rc2+ 23. Kg1 cxd5 24. Nxd5 Be6 25. Nf6+ Kg7 26. Qe5 Rd8
27. d5 Bc8 28. Ng4+ Kf8 29. d6 1-0

[Event "Bad Woerishofen op"]
[Site "?"]
[Date "2009.03.05"]
[Round "?"]
[White "Taufratshofer, Martin"]
[Black "Teske, Henrik"]
[Result "0-1"]
[WhiteElo "2030"]
[BlackElo "2510"]
[PlyCount "56"]
[EventDate "2009.03.05"]

1. d4 Nf6 2. Nf3 c5 3. c3 b6 4. Bf4 Bb7 5. e3 Nh5 6. Bg5 h6 7. Bh4 g5 8. Ne5
Nf6 9. Bg3 Bg7 10. Nd2 Nc6 11. Be2 d6 12. Nxc6 Bxc6 13. Bf3 Qd7 14. Bxc6 Qxc6
15. Qf3 Qxf3 16. Nxf3 Rc8 17. h3 b5 18. Ke2 Kd7 19. Nd2 cxd4 20. exd4 Nd5 21.
Rac1 Rc6 22. Kd3 f5 23. f3 Bf6 24. a3 Rhc8 25. Rc2 b4 26. c4 bxa3 27. Rcc1 Nb4+
28. Ke3 axb2 0-1

[Event "Bad Woerishofen op"]
[Site "?"]
[Date "2009.03.05"]
[Round "?"]
[White "De Francesco, Klaus"]
[Black "Vornach, Bernhard"]
[Result "1-0"]
[WhiteElo "2315"]
[BlackElo "1985"]
[PlyCount "41"]
[EventDate "2009.03.05"]

1. d4 d5 2. c4 e6 3. Nf3 Nf6 4. e3 Nbd7 5. b3 Bb4+ 6. Nfd2 O-O 7. a3 Be7 8. Bb2
c5 9. Bd3 cxd4 10. exd4 dxc4 11. bxc4 Qb6 12. Qc2 Qc6 13. O-O b6 14. Re1 Bb7
15. Nf3 Rfe8 16. Nbd2 Rac8 17. Rac1 Bf8 18. Ne4 Qc7 19. Neg5 h6 20. Bh7+ Kh8
21. Nxf7# 1-0

[Event "Bad Woerishofen op"]
[Site "?"]
[Date "2009.03.05"]
[Round "?"]
[White "Anistratov, Dimitrij"]
[Black "Wiesbeck, Florian"]
[Result "1-0"]
[WhiteElo "2380"]
[BlackElo "1990"]
[PlyCount "41"]
[EventDate "2009.03.05"]

1. Nf3 c5 2. c4 Nf6 3. Nc3 e6 4. g3 b6 5. Bg2 Bb7 6. O-O a6 7. d4 cxd4 8. Qxd4
d6 9. Rd1 Nbd7 10. b3 Qc7 11. e4 Be7 12. Ba3 Nc5 13. e5 dxe5 14. Qxe5 Rc8 15.
Qxc7 Rxc7 16. Ne5 Bxg2 17. Kxg2 Nfe4 18. Nxe4 Nxe4 19. Bb2 O-O 20. Nd7 Re8 21.
Nxb6 1-0

[Event "Bad Woerishofen op"]
[Site "?"]
[Date "2009.03.05"]
[Round "?"]
[White "Rutten, David"]
[Black "Kugelmann, Werner"]
[Result "0-1"]
[WhiteElo "1900"]
[BlackElo "2200"]
[PlyCount "24"]
[EventDate "2009.03.05"]

1. d4 Nf6 2. Nc3 d5 3. Bg5 Bf5 4. f3 Nbd7 5. Nxd5 Nxd5 6. e4 h6 7. Bh4 N7f6 8.
exf5 Ne3 9. Qd3 Qxd4 10. Bxf6 exf6 11. Qb3 O-O-O 12. c3 Qd2# 0-1

[Event "Bad Woerishofen op"]
[Site "?"]
[Date "2009.03.05"]
[Round "?"]
[White "Pirrot, Dieter"]
[Black "Burkhardt, Wilfried"]
[Result "1-0"]
[WhiteElo "2445"]
[BlackElo "1990"]
[PlyCount "45"]
[EventDate "2009.03.05"]

1. e4 e6 2. d4 d5 3. e5 c5 4. c3 Qb6 5. Nf3 Bd7 6. Bd3 Bb5 7. dxc5 Bxc5 8. b4
Bf8 9. Na3 Bxd3 10. Qxd3 Nc6 11. O-O Nge7 12. Be3 Qd8 13. Bg5 h6 14. Nb5 hxg5
15. Nd6+ Kd7 16. Nxf7 Qc7 17. Nxh8 g4 18. Nd4 Nxe5 19. Qe2 N7c6 20. Ng6 Bd6 21.
Rfe1 Nxd4 22. cxd4 Nc4 23. Qxe6+ 1-0

[Event "Bad Woerishofen op"]
[Site "?"]
[Date "2009.03.05"]
[Round "?"]
[White "Urban, Rudolf"]
[Black "Skembris, Spyridon"]
[Result "0-1"]
[WhiteElo "1990"]
[BlackElo "2410"]
[PlyCount "80"]
[EventDate "2009.03.05"]

1. d4 Nf6 2. Nf3 c5 3. c3 Qc7 4. dxc5 Qxc5 5. Qd4 b6 6. Qxc5 bxc5 7. Bf4 d6 8.
Nbd2 Bb7 9. e3 g6 10. Bb5+ Nbd7 11. O-O Bg7 12. Rfe1 Nh5 13. Bg3 Rb8 14. Re2
Bxf3 15. Bxd7+ Kxd7 16. Nxf3 Rb6 17. Rd1 Rd8 18. Rdd2 Kc6 19. Bh4 e6 20. g4 Nf6
21. Bxf6 Bxf6 22. h4 Ra6 23. g5 Bg7 24. a3 Ra4 25. e4 h6 26. Kg2 hxg5 27. hxg5
Rh8 28. Re1 Rh5 29. Rd3 Bf8 30. Kg3 Be7 31. Kg4 Bxg5 32. Nxg5 f5+ 33. Kf3 Rxg5
34. exf5 Rxf5+ 35. Kg3 e5 36. Red1 Rf6 37. f3 Raf4 38. b3 a5 39. Re3 g5 40. Rd2
g4 0-1

[Event "Bad Woerishofen op"]
[Site "?"]
[Date "2009.03.05"]
[Round "?"]
[White "Dierich, Jochen"]
[Black "Schneider, Ilja"]
[Result "0-1"]
[WhiteElo "2020"]
[BlackElo "2495"]
[PlyCount "90"]
[EventDate "2009.03.05"]

1. e4 e5 2. d4 exd4 3. Bc4 Nc6 4. Nf3 Nf6 5. Qe2 d6 6. h3 Be7 7. Bb5 O-O 8. O-O
Re8 9. Bxc6 bxc6 10. Nxd4 Bb7 11. Nc3 c5 12. Nf5 Bf8 13. f3 Qc8 14. Qf2 Kh8 15.
Bg5 Ng8 16. Rad1 g6 17. Ng3 Bg7 18. Kh1 Rb8 19. Rfe1 Bc6 20. Bc1 Qd8 21. Nge2
Nf6 22. b3 Qe7 23. Bf4 Kg8 24. Nd5 Nxd5 25. exd5 Bd7 26. c4 Qf6 27. Bg3 a5 28.
Nc1 Qc3 29. Qd2 a4 30. Qxc3 Bxc3 31. Rxe8+ Rxe8 32. Kg1 Bf5 33. Nd3 Re2 34. Nc1
Rc2 35. Be1 Bd4+ 36. Kh2 Be3 37. Nd3 a3 38. Ba5 Rxa2 39. Bxc7 Bxd3 40. Rxd3
Bf4+ 41. Kg1 Rd2 42. Rxd2 Bxd2 43. Bxd6 a2 44. Be5 Be3+ 45. Kf1 Bd4 0-1

[Event "Bad Woerishofen op"]
[Site "?"]
[Date "2009.03.06"]
[Round "2"]
[White "Edouard, Romain"]
[Black "Leiber, Bernard"]
[Result "1-0"]
[WhiteElo "2562"]
[BlackElo "2166"]
[PlyCount "65"]
[EventDate "2009.03.05"]

1. e4 d6 2. d4 Nf6 3. Nc3 g6 4. f4 Bg7 5. Nf3 O-O 6. Bd3 Nc6 7. O-O Bg4 8. e5
Nd7 9. Be3 e6 10. Ne4 d5 11. Ned2 Nb4 12. Be2 a5 13. c3 Na6 14. h3 Bxf3 15.
Nxf3 c5 16. Bxa6 bxa6 17. dxc5 Rb8 18. Rb1 Qc7 19. b4 f6 20. Nd4 Rfe8 21. Qg4
Qc8 22. c6 Nb6 23. exf6 Bxf6 24. bxa5 Nc4 25. Rxb8 Qxb8 26. Bf2 Qd6 27. Re1 Kf7
28. c7 Qxc7 29. Nxe6 Qc8 30. f5 Ne5 31. Qg3 gxf5 32. Ng5+ Kg8 33. Ne4+ 1-0

[Event "Bad Woerishofen op"]
[Site "?"]
[Date "2009.03.06"]
[Round "2"]
[White "Babar, Michael"]
[Black "Iotov, Valentin"]
[Result "0-1"]
[WhiteElo "2170"]
[BlackElo "2556"]
[PlyCount "60"]
[EventDate "2009.03.05"]

1. e4 c5 2. Nc3 Nc6 3. g3 g6 4. Bg2 Bg7 5. d3 d6 6. Be3 Rb8 7. a4 a6 8. Qd2 b5
9. axb5 axb5 10. f4 b4 11. Nd1 Qb6 12. Nf3 Nh6 13. h3 f5 14. O-O O-O 15. Kh2
Nd4 16. Bxd4 cxd4 17. Re1 e5 18. fxe5 dxe5 19. exf5 Nxf5 20. g4 Bh6 21. g5 Bg7
22. Nf2 Ne3 23. Ne4 Bb7 24. Re2 Rf4 25. Rae1 Nxg2 26. Kxg2 Rbf8 27. Rf1 R8f5
28. Qe1 h6 29. h4 Rg4+ 30. Kh2 Rff4 0-1

[Event "Bad Woerishofen op"]
[Site "?"]
[Date "2009.03.06"]
[Round "2"]
[White "Teske, Henrik"]
[Black "Reitz, Rolf"]
[Result "1-0"]
[WhiteElo "2513"]
[BlackElo "2163"]
[PlyCount "43"]
[EventDate "2009.03.05"]

1. d4 d5 2. c4 e6 3. Nf3 Nf6 4. Nc3 c6 5. Bg5 dxc4 6. e4 b5 7. e5 h6 8. Bh4 g5
9. exf6 gxh4 10. Ne5 Qc7 11. Qh5 Rg8 12. g3 Rg5 13. Qxh4 Rxe5+ 14. dxe5 Qxe5+
15. Qe4 Qxf6 16. Bg2 Bb4 17. O-O Bxc3 18. bxc3 Bb7 19. a4 Qxc3 20. axb5 a6 21.
Qf4 e5 22. Qxh6 1-0

[Event "Bad Woerishofen op"]
[Site "?"]
[Date "2009.03.06"]
[Round "2"]
[White "Hornung, Hans"]
[Black "Gutman, Lev"]
[Result "0-1"]
[WhiteElo "2163"]
[BlackElo "2493"]
[PlyCount "50"]
[EventDate "2009.03.05"]

1. c4 Nf6 2. Nf3 g6 3. Nc3 Bg7 4. e4 O-O 5. d4 c6 6. h3 d5 7. e5 Ne4 8. Be3
Nxc3 9. bxc3 Qa5 10. Qd2 Nd7 11. cxd5 cxd5 12. c4 Qxd2+ 13. Nxd2 dxc4 14. Bxc4
Nb6 15. Bb3 Bd7 16. O-O Bc6 17. Nc4 Nd5 18. Bg5 h6 19. Ne3 hxg5 20. Bxd5 Bxd5
21. Nxd5 Rfd8 22. Ne3 Rxd4 23. Ng4 f5 24. exf6 exf6 25. Rac1 Rad8 0-1

[Event "Bad Woerishofen op"]
[Site "?"]
[Date "2009.03.06"]
[Round "2"]
[White "Farago, Ivan"]
[Black "Guenther, Thomas"]
[Result "1-0"]
[WhiteElo "2482"]
[BlackElo "2151"]
[PlyCount "81"]
[EventDate "2009.03.05"]

1. d4 Nf6 2. c4 e6 3. Nc3 d5 4. Nf3 Nbd7 5. Bg5 Be7 6. e3 c6 7. Rc1 h6 8. Bh4
O-O 9. Bd3 b6 10. O-O Bb7 11. Qe2 a6 12. Rfd1 Ne4 13. Bxe7 Nxc3 14. Bh7+ Kh8
15. Rxc3 Qxe7 16. cxd5 exd5 17. Bf5 Nf6 18. Rdc1 g6 19. Bd3 Ne4 20. Rb3 b5 21.
Bxe4 dxe4 22. Ne5 Qe6 23. Rc5 a5 24. Qc2 a4 25. Ra3 Ra6 26. Qc3 Kh7 27. Qb4 Rb8
28. h3 f6 29. d5 Qe7 30. dxc6 Bxc6 31. Nxc6 Rxc6 32. Rac3 Rxc5 33. Rxc5 Qd6 34.
a3 Qd1+ 35. Kh2 Qd6+ 36. g3 Qb6 37. Qc3 Rf8 38. Rc6 Qd8 39. Qb4 Qb8 40. Qe7+
Kg8 41. Rc7 1-0

[Event "Bad Woerishofen op"]
[Site "?"]
[Date "2009.03.06"]
[Round "2"]
[White "Schmidt, Robert"]
[Black "Mainka, Romuald"]
[Result "0-1"]
[WhiteElo "2160"]
[BlackElo "2478"]
[PlyCount "78"]
[EventDate "2009.03.05"]

1. c4 e5 2. Nc3 Nf6 3. Nf3 Nc6 4. g3 d5 5. cxd5 Nxd5 6. Bg2 Nb6 7. O-O Be7 8.
d3 O-O 9. Be3 Re8 10. Rc1 Bf8 11. Ne4 Nd4 12. Nc5 Nf5 13. Bd2 c6 14. b4 Nd7 15.
Nb3 Nf6 16. Ng5 h6 17. Ne4 Nxe4 18. Bxe4 Nd6 19. Bg2 e4 20. Nc5 exd3 21. Nxd3
Ne4 22. Be3 Qf6 23. Nc5 Nd6 24. Bd4 Qg5 25. e4 a5 26. a3 Qg6 27. e5 Nb5 28. Bb2
axb4 29. axb4 Bxc5 30. bxc5 Bf5 31. Qb3 Be4 32. Rfe1 Bxg2 33. Kxg2 Rad8 34.
Rcd1 Qf5 35. Kg1 Kh7 36. Rxd8 Rxd8 37. e6 Rd2 38. Bd4 Nxd4 39. Qe3 Qxe6 0-1

[Event "Bad Woerishofen op"]
[Site "?"]
[Date "2009.03.06"]
[Round "2"]
[White "Bogner, Sebastian"]
[Black "Herbold, Manfred"]
[Result "0-1"]
[WhiteElo "2467"]
[BlackElo "2148"]
[PlyCount "84"]
[EventDate "2009.03.05"]

1. d4 d5 2. c4 Nc6 3. Nf3 Bg4 4. cxd5 Bxf3 5. gxf3 Qxd5 6. e3 e5 7. Nc3 Bb4 8.
Bd2 Bxc3 9. bxc3 Qd6 10. Rb1 b6 11. f4 exf4 12. e4 Nge7 13. Qf3 O-O 14. Qxf4
Qe6 15. Bd3 Rad8 16. Rg1 Ne5 17. Be2 N5g6 18. Qe3 Qxa2 19. Rd1 f5 20. e5 Qe6
21. f4 Rf7 22. Ra1 a5 23. c4 c6 24. Kf2 Nf8 25. Rab1 Qh6 26. Rxb6 Ne6 27. d5
cxd5 28. Rd6 Rxd6 29. exd6 d4 30. Qf3 Ng6 31. Qa8+ Rf8 32. Qd5 Ngxf4 33. Bxf4
Qxf4+ 34. Kg2 Qe3 35. Bf3 Kh8 36. Kh1 Ng5 37. Rf1 Ne6 38. d7 d3 39. Rd1 d2 40.
Rf1 Rd8 41. Qxf5 Nd4 42. Qe4 Qxf3+ 0-1